แสดงรายละเอียดบรรณานุกรม
  กลับหน้าหลัก

Brief Record : Get Marc (ISO 2709) : E-mail record : QR code ปิดหน้าต่าง
LEADER 00000nam 2200000uu 4500
008    110705s2554||||th 000 0 tha d
060  0 วจ WY 157 ว577 2554.
245 00 ^aรายงานวิจัย เรื่องวิถีชีวิตของนักศึกษาโครงการผลิตพยาบาลวิชาชีพเพิ่มเพื่อแก้ไขปัญหาในพื้นที่จังหวัดชายแดนภาคใต้ : ย่างก้าวปีที่ 2.
250    ^aพิมพ์ครั้งที่ 2.
260    ^aกรุงเทพฯ : ^bโรงพิมพ์จรัลสนิทวงศ์การพิมพ์,^c2554.
300    ^aจำนวน 109 หน้า ;^bภาพประกอบ.
650  0 ^aพยาบาล - - ^xวิถีชีวิต - - ^xวิจัย.
710 1  ^aสำนักงานปลัดกระทรวงสาธารณสุข สถาบันพระบรมราชชนก.
999    ^aใช้งานได้ทุกระบบ
รายการนี้ยังไม่มีแท็ก
คุณยังไม่ได้ล็อกอิน คุณสามารถมีกิจกรรมร่วมกับเว็บไซต์ได้ แต่ต้องล็อกอินก่อน ::
  ล็อกอิน
ลำดับที่ ประเภท เลขเรียก สถานที่ สถานะ
1. งานวิจัย
งานวิจัย
วจ WY 157 ว577 2554  
  
หนังสือทั่วไป On Shelf
  ขอยืม
2. งานวิจัย
งานวิจัย
วจ WY 157 ว577 2554 ฉ.2 
  
หนังสือทั่วไป On Shelf
  ขอยืม
   [แสดง 2/2 รายการ]

BibComment


ยังไม่เคยถูกคอมเมนท์

คอมเมนท์ทรัพยากรรายการนี้
  คอมเมนท์: รายงานวิจัย เรื่..
Bib 206215

 
 
 

 Union Library Management : ULibM
Copyright 2026. All Rights Reserved.
скачать бесплатно без регистрации порно красивый секс HD Sex Hindi sex

xxx gou

xxxx

bfxxx

xxxwww

Секса Видео

xxxx

Секса Видео

detube

geilexxx

C99 Shell

worms shell

blod xxx video
Ebony Coed Rihanna Rimes Takes A Dick In Her Young Twat priyaa indian fuck anal and pusssy hardcore indian women xxx desi hardcore fucking part 1 bengalixxxcouple